Dificultades de la iniciación docente: ¿iguales para todos? (Record no. 173733)
[ view plain ]
| 000 -CABECERA | |
|---|---|
| campo de control de longitud fija | 01478nab a2200301 a 4500 |
| 005 - FECHA Y HORA DE LA ÚLTIMA TRANSACCIÓN | |
| campo de control | 20210219162310.0 |
| 008 - ELEMENTOS DE LONGITUD FIJA--INFORMACIÓN GENERAL | |
| campo de control de longitud fija | 991125s1985 mx 000 0 spa u |
| 035 ## - NÚMERO DE CONTROL DEL SISTEMA | |
| Número de control de sistema | UPN01000201632 |
| 049 ## - COLECCIÓN | |
| Colección | ART-E |
| 100 1# - ASIENTO PRINCIPAL--NOMBRE PERSONAL | |
| Nombre de persona | Ruffinelli, Andrea |
| 100 1# - ASIENTO PRINCIPAL--NOMBRE PERSONAL | |
| Filiación | aruffine@uahurtado.cl |
| 222 00 - TÍTULO CLAVE | |
| Título clave | ESTUDIOS PEDAGÓGICOS |
| 245 00 - MENCIÓN DE TÍTULO | |
| Título | Dificultades de la iniciación docente: ¿iguales para todos? |
| 260 ## - PUBLICACIÓN, DISTRIBUCIÓN, ETC. | |
| Lugar de publicación, distribución, etc. | Chile |
| 300 ## - DESCRIPCIÓN FÍSICA | |
| Extensión | 229-242 |
| 362 0# - FECHAS DE PUBLICACIÓN Y/O DESIGNACIÓN SECUENCIAL | |
| Fecha de publicación y/o designación secuencial | 2014 Vol. 40, no. 1 |
| 336 ## - TIPO DE CONTENIDO | |
| Término de tipo de contenido | texto$2rdacontent |
| 337 ## - TIPO DE MEDIO | |
| Nombre/término del tipo de medio | computadora$2rdamedia |
| 338 ## - TIPO DE SOPORTE | |
| Nombre/término del tipo de soporte | recurso en linea$2rdacarrier |
| 520 3# - NOTA DE RESUMEN, ETC. | |
| Sumario, etc. | Artículo que aborda la calidad de la formación inicial docente y el nivel de ajuste entre dicha formación y las demandas del ejercicio profesional, a partir de los resultados de un estudio cuantitativo comparativo desarrollado sobre 890 profesores básicos principiantes, egresados de 23 instituciones de educación superior chilenas y 232 de sus empleadores, en términos de las dificultades que experimentan los docentes en su iniciación profesional, distinguiendo diferencias a partir de la selectividad del ingreso a las carreras de pedagogía y de los contextos de iniciación docente. |
| 653 0# - TERMINO DE INDIZACION - NO CONTROLADO | |
| Término no controlado | FORMACION INICIAL DOCENTE |
| 653 0# - TERMINO DE INDIZACION - NO CONTROLADO | |
| Término no controlado | LICENCIATURA EN PEDAGOGIA |
| 653 0# - TERMINO DE INDIZACION - NO CONTROLADO | |
| Término no controlado | SELECCION DE ESTUDIANTES |
| 653 0# - TERMINO DE INDIZACION - NO CONTROLADO | |
| Término no controlado | CONTEXTO EDUCATIVO |
| 856 4# - LOCALIZACIÓN Y ACCESO ELECTRÓNICOS | |
| Identificador Uniforme del Recurso | <a href="http://mingaonline.uach.cl/pdf/estped/v40n1/art14.pdf">http://mingaonline.uach.cl/pdf/estped/v40n1/art14.pdf</a> |
| 905 ## - TIPO DE MATERIAL | |
| Tipo de material | Articulo |
No items available.
